POWER PLANT ENGINEERING (Record no. 5364)

MARC details
000 -LEADER
fixed length control field 00386nam a22001697a 4500
005 - DATE AND TIME OF LATEST TRANSACTION
control field 20170401123113.0
008 - FIXED-LENGTH DATA ELEMENTS--GENERAL INFORMATION
fixed length control field 170401b xxu||||| |||| 00| 0 eng d
020 ## - INTERNATIONAL STANDARD BOOK NUMBER
ISBN 978-93-392-0404-4
041 ## - LANGUAGE CODE
Language code of text/sound track or separate title eng
100 ## - MAIN ENTRY--AUTHOR NAME
Personal name NAG,P.K
245 ## - TITLE STATEMENT
Title POWER PLANT ENGINEERING
250 ## - EDITION STATEMENT
Edition statement 4th
260 ## - PUBLICATION, DISTRIBUTION, ETC. (IMPRINT)
Name of publisher MCGRAW HILL
Year of publication 2014
300 ## - PHYSICAL DESCRIPTION
Number of Pages 955
650 ## - SUBJECT ADDED ENTRY--TOPICAL TERM
Topical Term ENGINEERING
942 ## - ADDED ENTRY ELEMENTS (KOHA)
Koha item type Books
Holdings
Lost status Damaged status Home library Current library Shelving location Date acquired Source of acquisition Cost, normal purchase price Full call number Accession Number Koha item type Collection code
    JRU Library   SHELF-38-D 30/04/2017 PUIRCHASE 695.00 621.2 21556 Books  
    JRU Library   SHELF-30-B 30/04/2017 PUIRCHASE 695.00   21557 Books Reference